| 000 | 00390nam a2200109Ia 4500 | ||
|---|---|---|---|
| 008 | 171212s9999 xx 000 0 und d | ||
| 020 | _a9781910634189 | ||
| 245 |
_ceditor Dethloff, Diana;Elam, Caroline;Murdoch, Tessa;Sloan, Kim _aBurning Bright _bEssays in Honour of David Bindman |
||
| 260 |
_bUCL Press _c2015 |
||
| 650 | _aArt & Art History | ||
| 856 | _uhttp://jstor.org/stable/j.ctt1g69z6q | ||
| 999 |
_c352854 _d352854 |
||